Dicionário universal de biografias (Record no. 72724)

MARC details
000 -LÍDER
campo de controle de tamanho fixo 00389 a2200145 4500
001 - NÚMERO DE CONTROLE
campo de controle 72724
020 ## - ISBN - INTERNATIONAL STANDARD BOOK NUMBER
ISBN - International Standard Book Number 8449427622
040 ## - FONTE DA CATALOGAÇÃO
Instituição que transcreveu o registro Anchieta - Colégio São Paulo
100 ## - ENTRADA PRINCIPAL--NOME PESSOAL
Nome pessoal Afonso, Luiz Ernesto Magalhães
240 10 - TÍTULO UNIFORME
Título uniforme Dicionário universal de biografias
Idioma da obra por
245 10 - TÍTULO
Título Dicionário universal de biografias
300 ## - DESCRIÇÃO FÍSICA
Extensão 1070
650 #4 - ASSUNTO--TERMO TÓPICO
Cabeçalho tópico ou nome geográfico Obras enciclopédicas gerais
942 ## - ELEMENTOS DE ENTRADA ADICIONADOS (KOHA)
Tipo de material Koha Livros
Holdings
Situação do descarte Situação das perdas Situação física Não pode ser emprestado Biblioteca de origem Biblioteca atual Data de aquisição Total de empréstimos Número de chamada completo Código de barras Data de último acesso Data do preço efetivo Tipo de material Koha
        Colégio São Paulo Colégio São Paulo 22/11/2023   030 D546 2435/CSP 22/11/2023 22/11/2023 Livros